| 000 | 00819nam a2200241 u 4500 | ||
|---|---|---|---|
| 005 | 20231201064153.0 | ||
| 008 | 091124s1997 r 000 0 eng d | ||
| 020 | _a9782090338621 | ||
| 035 | _aUPN01000173915 | ||
| 049 | _aCG | ||
| 050 | 4 |
_aPC2111 _bB6.3 |
|
| 100 | 1 | _aBoulares, Michèle | |
| 245 | 1 | 0 |
_aGrammaire progressive du Francais : _bavec 400 exercices / _cMichèle Boulares ; Jean-Louis Frérot. |
| 260 |
_aParis : _bCLE International, _c1997. |
||
| 300 | _a192 p. | ||
| 500 | _aNiveau avancé | ||
| 590 | _a(También localizas un ejemplar en el "Area de Reserva") | ||
| 590 | _aBibliografía Básica (BGTQ), 2009 | ||
| 650 | 4 |
_aFrancés _xGramática _xEstudio y enseñanza _914029 |
|
| 650 | 4 |
_aFRANCES - _xCOMPOSICION Y EJERCICIOS _914034 |
|
| 700 | 1 |
_aFrérot, Jean-Louis, _ecoaut. |
|
| 905 | _aLibro | ||
| 999 |
_c146019 _d146019 |
||